00657nam a2200181 a 450000100100000000500170001000800410002702000150006804000270008310000250011024500510013526000340018630000360022050000760025650000210033295201050035399900170045800004343820201002040919.0140318s1995 sp c 001 0 spa d a8479741104 aDO-SdBNPbspacBNPHU |1 aGasca, Luís97111610aChicos Duros Hombres Canallas /cLuís Gasca. aValencia :bMáscara,c1995. a159 p. :bil., retrs. ;c30 cm. aIncluye datos biográficos del autor en la solapa de la contracubierta aIncluye índice 001050718MOaGRbGRcCTd2014-03-18iLF1l0o p43438-10r2020-06-25w2020-06-25y1ZNo se presta c42927d42927